[Event "ICS rated blitz match"]
[Site "204.178.125.65"]
[Date "2000.11.27"]
[Round "?"]
[White "Hossa"]
[Black "PostModernist"]
[Result "1/2-1/2"]
[WhiteElo "2539"]
[BlackElo "2563"]
[PlyCount "136"]
[EventDate "2000.??.??"]

1. e4 c5 2. Nf3 g6 3. d4 Bg7 4. Nc3 cxd4 5. Nxd4 Nc6 6. Be3 Nf6 7. Bc4 O-O 8.
Bb3 b6 9. O-O Ba6 10. Re1 Qc7 11. Ndb5 Bxb5 12. Nxb5 Qe5 13. Nc3 Nxe4 14. Nxe4
Qxe4 15. c3 Qf5 16. Bc2 Qb5 17. Qxd7 Rfd8 18. Bd3 Qxd3 19. Qxc6 Qc2 20. Qb5 e5
21. Rac1 Qf5 22. Qa4 Qf6 23. Red1 Qe7 24. Ra1 h5 25. Rab1 Rac8 26. Ra1 f5 27.
Qc2 Qf7 28. Bg5 Rxd1+ 29. Qxd1 Rc5 30. Qd8+ Kh7 31. a4 Rd5 32. Qc8 f4 33. a5
Rxa5 34. Rxa5 bxa5 35. h3 a4 36. Qd8 Qf5 37. Qe7 a6 38. h4 f3 39. Kh2 fxg2 40.
Kxg2 Qe4+ 41. Kh2 Qf3 42. Qa7 e4 43. Kg1 Qd1+ 44. Kg2 Qe2 45. Kh2 Qg4 46. Kh1
Qf5 47. Kg2 a5 48. Kg1 Qg4+ 49. Kh2 Qf3 50. Be3 Qf6 51. Kg3 a3 52. Bd4 Qf3+ 53.
Kh2 Qf4+ 54. Kg2 Qg4+ 55. Kf1 Qd1+ 56. Kg2 Qg4+ 57. Kf1 Qd1+ 58. Kg2 Qf3+ 59.
Kh2 Qf8 60. bxa3 Qf4+ 61. Kg2 Qg4+ 62. Kf1 Qd1+ 63. Kg2 Qf3+ 64. Kh2 Qf4+ 65.
Kg2 Qg4+ 66. Kf1 Qd1+ 67. Kg2 Qf3+ 68. Kh2 Qf4+ {Game drawn by repetition}
1/2-1/2

[Event "ICS rated bullet match"]
[Site "204.178.125.65"]
[Date "2000.11.27"]
[Round "?"]
[White "repla"]
[Black "Hossa"]
[Result "0-1"]
[WhiteElo "2176"]
[BlackElo "2620"]
[PlyCount "100"]
[EventDate "2000.??.??"]

1. d4 d5 2. c4 c6 3. Nf3 Nf6 4. e3 e6 5. b3 Ne4 6. Bb2 Bb4+ 7. Ke2 b5 8. a3 Ba5
9. c5 b4 10. a4 Nc3+ 11. Bxc3 bxc3 12. Qc2 Na6 13. Nxc3 Qf6 14. Ne5 Bb7 15. f3
Bc7 16. f4 Nb4 17. Qd2 Qf5 18. Kf2 f6 19. g4 Qc2 20. Qxc2 Nxc2 21. Rc1 fxe5 22.
Rxc2 exd4 23. exd4 O-O 24. Kg3 Rxf4 25. Kh3 Rxd4 26. Bg2 Rd3+ 27. Kh4 Bd8+ 28.
g5 Rd4+ 29. Kg3 Bxg5 30. h4 Rd3+ 31. Kf2 Bf6 32. Ne2 Rxb3 33. Nf4 Rb4 34. Nxe6
Bxh4+ 35. Rxh4 Rxh4 36. Kg3 Rxa4 37. Nc7 Rf8 38. Bf3 Rf7 39. Ne6 Rf6 40. Ng5
Rg6 41. Bg4 Rxg5 42. Rb2 Raxg4+ 43. Kf2 Rg2+ 44. Ke3 Rxb2 45. Kf4 Ba6 46. Kxg5
Rb4 47. Kf5 Re4 48. Kg5 Bd3 49. Kh5 h6 50. Kg6 Re5# {repla checkmated} 0-1

[Event "ICS rated blitz match"]
[Site "204.178.125.65"]
[Date "2000.11.27"]
[Round "?"]
[White "Amateur"]
[Black "Hossa"]
[Result "0-1"]
[WhiteElo "2522"]
[BlackElo "2540"]
[PlyCount "138"]
[EventDate "2000.??.??"]

1. e4 e5 2. Nf3 Nc6 3. Bb5 a6 4. Ba4 Nf6 5. O-O Be7 6. Re1 b5 7. Bb3 d6 8. c3
O-O 9. d4 Bg4 10. d5 Na5 11. Bc2 c6 12. h3 Bc8 13. dxc6 Qc7 14. Nbd2 Qxc6 15.
Nf1 Nc4 16. Ng3 Re8 17. b3 Nb6 18. Qd3 Nbd7 19. Bb2 Nc5 20. Qe3 Be6 21. Rad1 a5
22. Ng5 a4 23. b4 a3 24. Bc1 Na4 25. Nxe6 fxe6 26. Bb3 Bd8 27. Rd3 Nb6 28. Qe2
Nc4 29. Bxc4 bxc4 30. Rf3 Rf8 31. Rf1 Ra7 32. Rd1 Bb6 33. Bg5 Raf7 34. Rf1 Qc7
35. Bh4 Ne8 36. Rxf7 Rxf7 37. Qg4 Qd7 38. Nh5 g6 39. Ng3 Rf4 40. Qg5 Nf6 41.
Qh6 Nxe4 42. Ne2 Rf8 43. Qc1 Qf7 44. Qe1 d5 45. Bg3 Qf6 46. Kh2 d4 47. f3 d3
48. Ng1 Qf5 49. Bh4 g5 50. Bf2 Nxf2 51. Rxf2 Bxf2 52. Qxf2 Qf4+ 53. Kh1 d2 54.
Qe2 Rd8 55. Qd1 Qg3 56. f4 e4 57. fxg5 Qe1 58. Qg4 Re8 59. Qh5 Re7 60. g6 h6
61. Qe2 Qxe2 62. Nxe2 d1=Q+ 63. Ng1 Rd7 64. Kh2 Rd2 65. Kg3 Qxg1 66. Kf4 Qf2+
67. Kg4 Qxg2+ 68. Kf4 Qf3+ 69. Ke5 Qf5# {Amateur checkmated} 0-1

[Event "ICS rated blitz match"]
[Site "204.178.125.65"]
[Date "2000.11.27"]
[Round "?"]
[White "Hossa"]
[Black "Amateur"]
[Result "0-1"]
[WhiteElo "2555"]
[BlackElo "2507"]
[PlyCount "74"]
[EventDate "2000.??.??"]

1. e4 e5 2. Nf3 Nc6 3. Bb5 a6 4. Ba4 Nf6 5. O-O Be7 6. Re1 b5 7. Bb3 O-O 8. c3
d6 9. h3 Re8 10. d3 Bb7 11. Be3 Na5 12. Bc2 d5 13. exd5 Qxd5 14. b4 Nc6 15. a4
Red8 16. axb5 axb5 17. Rxa8 Rxa8 18. Bb3 Qd7 19. Bc1 Qf5 20. g4 Nxg4 21. hxg4
Qxg4+ 22. Kh2 Nd4 23. Bxf7+ Kh8 24. Bd5 Bxd5 25. cxd4 Bxf3 26. Qxf3 Qxf3 27.
Rf1 Qxd3 28. Rg1 Rf8 29. f4 exf4 30. Bd2 f3 31. Bf4 Rxf4 32. Nd2 Rh4+ 33. Kg3
f2+ 34. Kxf2 Qxd2+ 35. Kf3 Rf4+ 36. Kg3 Qf2+ 37. Kh3 Rh4# {Hossa checkmated}
0-1

[Event "ICS rated blitz match"]
[Site "204.178.125.65"]
[Date "2000.11.27"]
[Round "?"]
[White "Valg"]
[Black "Hossa"]
[Result "0-1"]
[WhiteElo "2814"]
[BlackElo "2537"]
[PlyCount "118"]
[EventDate "2000.??.??"]

1. e4 e5 2. Nf3 Nc6 3. Bb5 a6 4. Ba4 Nf6 5. O-O Be7 6. Re1 b5 7. Bb3 d6 8. c3
O-O 9. h3 Na5 10. Bc2 c5 11. d4 Qc7 12. Nbd2 cxd4 13. cxd4 Bb7 14. Nf1 Rac8 15.
Re2 d5 16. dxe5 Nxe4 17. Ng3 Nxg3 18. fxg3 d4 19. Nxd4 Rfd8 20. Qd3 g6 21. e6
Bc5 22. e7 Bxe7 23. Bf4 Qd7 24. Bd2 Rxc2 25. Qxc2 Qxd4+ 26. Be3 Qd6 27. Bf4
Qc5+ 28. Kh2 Qxc2 29. Rxc2 g5 30. Re1 Nc6 31. Be3 Rd3 32. Kg1 Bb4 33. Ree2 g4
34. hxg4 Rd1+ 35. Kh2 Ne5 36. g5 Be4 37. Rc8+ Kg7 38. Bg1 Bf5 39. Rxe5 Bxc8 40.
Bc5 Bxc5 41. Rxc5 Bd7 42. b3 Kg6 43. Rc7 Kxg5 44. Ra7 Rd6 45. Rc7 f5 46. Rc2
Bc6 47. a3 Be4 48. Rc7 Rd2 49. Kh3 Bxg2+ 50. Kh2 Be4+ 51. Kg1 Rg2+ 52. Kf1 Rxg3
53. b4 Kg6 54. Rc8 Rxa3 55. Rg8+ Kf7 56. Rd8 Rb3 57. Rd7+ Kg6 58. Rd6+ Kg5 59.
Rxa6 Rxb4 {Valg resigns} 0-1

[Event "ICS rated blitz match"]
[Site "204.178.125.65"]
[Date "2000.11.27"]
[Round "?"]
[White "PostModernist"]
[Black "Hossa"]
[Result "1-0"]
[WhiteElo "2568"]
[BlackElo "2564"]
[PlyCount "185"]
[EventDate "2000.??.??"]

1. d4 d5 2. Nf3 Nf6 3. e3 e6 4. Bd3 c5 5. c3 Nbd7 6. Nbd2 Qc7 7. O-O Be7 8. e4
cxd4 9. cxd4 dxe4 10. Nxe4 Nxe4 11. Bxe4 Nf6 12. Qd3 Nxe4 13. Qxe4 Bd7 14. Ne5
Bb5 15. Bf4 Qb6 16. Rfc1 Rd8 17. Be3 Bf6 18. a4 Ba6 19. Rab1 Qb3 20. a5 O-O 21.
Bd2 Rd5 22. Rc3 Qa4 23. Rh3 h6 24. Nf3 Qb5 25. Rg3 h5 26. Bc3 Qe2 27. Qf4 Rf5
28. Qh6 h4 29. Rg4 Rxf3 30. gxf3 Qxf3 31. Qf4 Qh3 32. Re1 Rd8 33. d5 Bxc3 34.
bxc3 Rxd5 35. Rxh4 Qd3 36. Qb8+ Rd8 37. Qe5 Rd5 38. Qf4 e5 39. Qb4 Qd2 40. Rhe4
Qg5+ 41. Rg4 Qd8 42. Rh4 Rxa5 43. Qg4 g6 44. Rd1 Qc7 45. Qg5 Kg7 46. Qh6+ Kf6
47. Re4 Ke6 48. Qh3+ f5 49. Re3 Qg7 50. f4 b6 51. Qh4 g5 52. fxg5 Bb5 53. Qb4
Kf7 54. Qb3+ Ke7 55. Qd5 Be8 56. Qd8+ Kf8 57. Rd6 Ra1+ 58. Kf2 Ra2+ 59. Re2
Rxe2+ 60. Kxe2 Qg8 61. Rf6+ Kg7 62. Qe7+ Qf7 63. Rxf7+ Bxf7 64. Qxe5+ Kg8 65.
Qxf5 Bb3 66. Qd7 a5 67. Qd8+ Kg7 68. Qxb6 a4 69. Qh6+ Kf7 70. g6+ Ke8 71. Qf4
Be6 72. Qxa4+ Kd8 73. g7 Bf7 74. Qa5+ Kd7 75. Qa7+ Ke6 76. Qxf7+ Kxf7 77. g8=Q+
Kf6 78. Qe6+ Kxe6 79. c4 Kf5 80. c5 Ke6 81. c6 Kd6 82. h4 Ke6 83. h5 Ke7 84. h6
Ke6 85. h7 Kd6 86. h8=Q Kxc6 87. Qf6+ Kd5 88. Kd3 Kc5 89. Qd8 Kc6 90. Kc4 Kb7
91. Kc5 Ka7 92. Kc6 Ka6 93. Qb6# {Hossa checkmated} 1-0

[Event "ICS rated blitz match"]
[Site "204.178.125.65"]
[Date "2000.11.27"]
[Round "?"]
[White "Hossa"]
[Black "cantona"]
[Result "1-0"]
[WhiteElo "2548"]
[BlackElo "2130"]
[PlyCount "58"]
[EventDate "2000.??.??"]

1. d4 Nf6 2. c4 c5 3. Nf3 cxd4 4. Nxd4 e5 5. Nf3 Nc6 6. e3 d5 7. cxd5 Nxd5 8.
e4 Ndb4 9. Qxd8+ Kxd8 10. Na3 f6 11. Bc4 Bc5 12. Bd2 a6 13. O-O b5 14. Be2 Be6
15. Rfc1 Be7 16. Nb1 Nd4 17. Nxd4 exd4 18. a3 d3 19. Bd1 Na2 20. Rc6 Bf7 21.
Ba5+ Ke8 22. Nd2 b4 23. Bb3 bxa3 24. Bxf7+ Kxf7 25. bxa3 Rhc8 26. Rxc8 Rxc8 27.
Rxa2 Rc1+ 28. Nf1 Rc2 29. Ra1 f5 {cantona resigns} 1-0

[Event "ICS rated blitz match"]
[Site "204.178.125.65"]
[Date "2000.11.27"]
[Round "?"]
[White "PostModernist"]
[Black "Hossa"]
[Result "1-0"]
[WhiteElo "2585"]
[BlackElo "2551"]
[PlyCount "129"]
[EventDate "2000.??.??"]

1. e4 e5 2. Bc4 Nf6 3. d3 Nc6 4. Nc3 Bb4 5. Bg5 h6 6. Bxf6 Bxc3+ 7. bxc3 Qxf6
8. Ne2 d6 9. O-O Be6 10. Qb1 Bxc4 11. Qxb7 Kd7 12. dxc4 Qh4 13. Ng3 Rab8 14.
Qa6 Rb6 15. Qa4 g6 16. Rfd1 Rb2 17. c5 Rhb8 18. Rac1 a5 19. Qc4 Qf6 20. a3 h5
21. Nf1 h4 22. Ne3 h3 23. Qd3 hxg2 24. Nc4 R2b7 25. cxd6 Rd8 26. Qd5 a4 27.
Kxg2 Qf4 28. Kf1 Qf6 29. Na5 Nxa5 30. dxc7+ Kxc7 31. Qxa5+ Kc8 32. Qxa4 Kb8 33.
Qa5 Rxd1+ 34. Rxd1 Rc7 35. Rb1+ Rb7 36. Rb4 Qh8 37. Rxb7+ Kxb7 38. Qd5+ Kb8 39.
Qd6+ Ka8 40. Kg1 Qe8 41. c4 Ka7 42. c3 Qc8 43. Qe7+ Ka8 44. Qxe5 Qg4+ 45. Kf1
Qd1+ 46. Kg2 Qg4+ 47. Qg3 Qe2 48. c5 Qxe4+ 49. Qf3 Qb7 50. a4 Kb8 51. Qxb7+
Kxb7 52. a5 Kc6 53. a6 Kc7 54. Kf3 Kc6 55. Ke4 f6 56. h4 Kc7 57. Kd5 f5 58. f4
Kb8 59. c6 g5 60. Kd6 Ka7 61. c7 Kxa6 62. c8=Q+ Kb6 63. Qc6+ Ka7 64. Kc7 g4 65.
Qb7# {Hossa checkmated} 1-0

[Event "ICS rated blitz match"]
[Site "204.178.125.65"]
[Date "2000.11.27"]
[Round "?"]
[White "Hossa"]
[Black "Valg"]
[Result "0-1"]
[WhiteElo "2537"]
[BlackElo "2822"]
[PlyCount "128"]
[EventDate "2000.??.??"]

1. d4 d5 2. Nf3 Nf6 3. e3 e6 4. Bd3 c5 5. c3 Nc6 6. Nbd2 Bd6 7. O-O O-O 8. Qe2
e5 9. dxc5 Bxc5 10. e4 Bg4 11. h3 Nh5 12. Qd1 Nf4 13. Bc2 Be6 14. Nb3 Bb6 15.
Bxf4 exf4 16. e5 a5 17. Qd3 g6 18. Nbd4 Nxd4 19. cxd4 Rc8 20. Rfc1 Bc7 21. Qb3
b6 22. Bd3 Qe7 23. Ba6 Ra8 24. Bb5 Rac8 25. Rc3 Bb8 26. Bc6 Qb4 27. Qxb4 axb4
28. Rcc1 Rc7 29. Bb5 Rfc8 30. Rxc7 Rxc7 31. Bd3 Kg7 32. Kf1 f6 33. Ke2 h5 34.
exf6+ Kxf6 35. Ne5 Rg7 36. Nc6 Bd6 37. Rc1 Rc7 38. h4 Bd7 39. Bb5 Rc8 40. Kd2
f3 41. g3 Bf8 42. g4 hxg4 43. Ke1 Bh6 44. Rc2 Bf5 45. Rd2 Bxd2+ 46. Kxd2 Bd7
47. Na7 Bxb5 48. Nxb5 Re8 49. Nc7 Re2+ 50. Kd3 Rxf2 51. h5 gxh5 52. Nxd5+ Kg5
53. Nxb6 Rxb2 54. Nc4 Rxa2 55. Nd2 Rxd2+ 56. Kxd2 g3 57. d5 g2 58. d6 g1=Q 59.
d7 Qd4+ 60. Ke1 Kg4 61. d8=Q Qxd8 62. Kf2 Qd2+ 63. Kf1 Qg2+ 64. Ke1 Qe2# {
Hossa checkmated} 0-1

[Event "ICS rated bullet match"]
[Site "204.178.125.65"]
[Date "2000.11.27"]
[Round "?"]
[White "PostModernist"]
[Black "Hossa"]
[Result "1-0"]
[WhiteElo "2585"]
[BlackElo "2622"]
[PlyCount "99"]
[EventDate "2000.??.??"]

1. e4 c5 2. c3 d5 3. exd5 Qxd5 4. d4 Nf6 5. Na3 cxd4 6. Nb5 Qd8 7. Qxd4 Qxd4 8.
Nxd4 e5 9. Nb5 Na6 10. Be3 b6 11. O-O-O Ng4 12. Nf3 Bf5 13. Bc4 Rc8 14. Bb3 Nc5
15. Nxa7 Nxe3 16. fxe3 Ra8 17. Nb5 Nxb3+ 18. axb3 Ra1+ 19. Kd2 Ra2 20. Nxe5
Rxb2+ 21. Ke1 Be4 22. Nc4 Bxg2 23. Nxb2 Bxh1 24. Nc4 Bf3 25. Nc7+ Ke7 26. Rd6
g6 27. Kf2 Be4 28. Rxb6 Kd8 29. Nb5 Bd5 30. Rb8+ Ke7 31. Nc7 Bxc4 32. bxc4 f5
33. Kf3 g5 34. c5 Kd7 35. Na6 Kc6 36. e4 g4+ 37. Kf4 fxe4 38. Kxe4 Kd7 39. Kd5
Ke7 40. c6 Bg7 41. c7 Kd7 42. c4 Bc3 43. c5 g3 44. c6+ Ke7 45. Rxh8 Bxh8 46.
c8=Q gxh2 47. Qc7+ Ke8 48. Ke6 Bf6 49. Qd7+ Kf8 50. Qf7# {Hossa checkmated} 1-0

[Event "ICS rated bullet match"]
[Site "204.178.125.65"]
[Date "2000.11.27"]
[Round "?"]
[White "Hossa"]
[Black "NJITchess"]
[Result "1-0"]
[WhiteElo "2604"]
[BlackElo "2006"]
[PlyCount "85"]
[EventDate "2000.??.??"]

1. e4 e6 2. d4 d5 3. Nd2 dxe4 4. Nxe4 Nd7 5. Bb5 Ngf6 6. Nxf6+ Qxf6 7. Nf3 Qd8
8. O-O c6 9. Bd3 Be7 10. Bf4 Nf6 11. Be5 O-O 12. Qe2 g6 13. Bf4 Nh5 14. Bh6 Re8
15. c3 Bf8 16. Qd2 Bxh6 17. Qxh6 Qf6 18. Rfd1 Qg7 19. Qe3 Nf6 20. Qf4 Nd5 21.
Qh4 Nf6 22. Ne5 Nh5 23. Ng4 f5 24. Ne5 Nf6 25. Re1 g5 26. Qg3 f4 27. Qf3 Nd5
28. Bc4 h5 29. Qxh5 Rf8 30. Bd3 a6 31. Ng6 Rf7 32. Qxg5 Rf5 33. Bxf5 exf5 34.
Re8+ Kf7 35. Ne5+ Kxe8 36. Qxg7 Kd8 37. c4 Ne7 38. Qf8+ Kc7 39. Qxe7+ Kb6 40.
Kf1 Ka7 41. Qc7 a5 42. Nxc6+ Ka6 43. Qxa5# {NJITchess checkmated} 1-0

[Event "ICS rated bullet match"]
[Site "204.178.125.65"]
[Date "2000.11.27"]
[Round "?"]
[White "Hossa"]
[Black "NJITchess"]
[Result "1-0"]
[WhiteElo "2606"]
[BlackElo "2004"]
[PlyCount "25"]
[EventDate "2000.??.??"]

1. e4 d5 2. exd5 Qxd5 3. Nc3 Qd8 4. Nf3 Nf6 5. Bc4 e6 6. O-O Be7 7. d3 O-O 8.
Bg5 a6 9. Ne5 Nbd7 10. d4 Bd6 11. Re1 b5 12. Bd5 exd5 13. Nc6 {
NJITchess resigns} 1-0

[Event "ICS rated bullet match"]
[Site "204.178.125.65"]
[Date "2000.11.27"]
[Round "?"]
[White "NJITchess"]
[Black "Hossa"]
[Result "0-1"]
[WhiteElo "2003"]
[BlackElo "2607"]
[PlyCount "86"]
[EventDate "2000.??.??"]

1. d3 e5 2. e4 Nc6 3. g3 d5 4. Bg2 dxe4 5. Bxe4 Nf6 6. Bg2 Bd6 7. Ne2 O-O 8.
O-O Bf5 9. Bg5 h6 10. Bxf6 Qxf6 11. Nd2 Bg4 12. Ne4 Qe6 13. Qd2 Bh3 14. Rad1
Bxg2 15. Kxg2 Qxa2 16. Nxd6 cxd6 17. b3 Qa3 18. Nc3 Qc5 19. Ne4 Qd5 20. f3 Qe6
21. Rfe1 d5 22. Nc3 Rfc8 23. Rc1 Nd4 24. Ne2 Nb5 25. c4 dxc4 26. bxc4 Nd6 27.
Nc3 f6 28. Nd5 b5 29. Red1 bxc4 30. dxc4 Nxc4 31. Qf2 a5 32. Qa2 Ne3+ 33. Kf2
Nxd1+ 34. Rxd1 Kh8 35. Qd2 Qh3 36. Kg1 Rd8 37. Qa2 a4 38. Rd2 Rdc8 39. Qa3 Rcb8
40. Qa1 a3 41. Qd1 a2 42. Rxa2 Rxa2 43. Ne7 Qg2# {NJITchess checkmated} 0-1

[Event "ICS rated bullet match"]
[Site "204.178.125.65"]
[Date "2000.11.27"]
[Round "?"]
[White "Hossa"]
[Black "NJITchess"]
[Result "1-0"]
[WhiteElo "2608"]
[BlackElo "2002"]
[PlyCount "53"]
[EventDate "2000.??.??"]

1. e4 d5 2. exd5 Qxd5 3. Nc3 Qa5 4. d4 c6 5. Nf3 Nf6 6. Bc4 Bg4 7. h3 Bxf3 8.
Qxf3 e6 9. O-O Bb4 10. Ne4 Nbd7 11. c3 Be7 12. b4 Qd8 13. Bf4 O-O 14. Nd6 Bxd6
15. Bxd6 Re8 16. Bd3 Nf8 17. Qg3 Ng6 18. Bxg6 hxg6 19. Rfe1 Qd7 20. c4 b6 21.
Be5 Rad8 22. Qf3 a5 23. bxa5 bxa5 24. Rab1 Nh5 25. g4 Nf6 26. Rb6 Qc7 27. Bxc7
{NJITchess resigns} 1-0

[Event "ICS rated bullet match"]
[Site "204.178.125.65"]
[Date "2000.11.27"]
[Round "?"]
[White "Hossa"]
[Black "NJITchess"]
[Result "1-0"]
[WhiteElo "2610"]
[BlackElo "2000"]
[PlyCount "67"]
[EventDate "2000.??.??"]

1. e4 d5 2. exd5 Qxd5 3. Nc3 Qa5 4. d4 c6 5. Nf3 Qc7 6. Bd3 Bg4 7. h3 Bxf3 8.
Qxf3 Nf6 9. Bf4 Qd8 10. Be3 e6 11. Qg3 Be7 12. Qxg7 Rg8 13. Qh6 Rxg2 14. Ne4
Nxe4 15. Bxe4 Rg8 16. Qxh7 Rf8 17. O-O-O Nd7 18. Qg7 Qa5 19. Kb1 O-O-O 20. Bd2
Qb6 21. c3 Bf6 22. Qh7 Kb8 23. Be3 Qa6 24. Bf4+ Ka8 25. Bd3 Qb6 26. Bd6 Rfe8
27. Qxf7 a5 28. h4 a4 29. h5 a3 30. Bxa3 Nb8 31. Bc5 Qc7 32. Qxc7 Na6 33. Bxa6
bxa6 34. Qa7# {NJITchess checkmated} 1-0

[Event "ICS rated bullet match"]
[Site "204.178.125.65"]
[Date "2000.11.27"]
[Round "?"]
[White "NJITchess"]
[Black "Hossa"]
[Result "0-1"]
[WhiteElo "1999"]
[BlackElo "2611"]
[PlyCount "40"]
[EventDate "2000.??.??"]

1. e4 c5 2. Nf3 e6 3. d4 cxd4 4. Nxd4 Nf6 5. Nc3 d6 6. Bg5 Nc6 7. f4 Be7 8. Nb3
O-O 9. Bd3 h6 10. Bh4 Nxe4 11. Bxe7 Nxc3 12. bxc3 Nxe7 13. O-O Bd7 14. Kh1 Nd5
15. Qd2 Qc7 16. c4 Nb6 17. Qe2 Rfc8 18. Nd4 Nxc4 19. Bxc4 Qxc4 20. Nf3 Qxe2 {
NJITchess resigns} 0-1

[Event "ICS rated bullet match"]
[Site "204.178.125.65"]
[Date "2000.11.27"]
[Round "?"]
[White "Hossa"]
[Black "NJITchess"]
[Result "1-0"]
[WhiteElo "2612"]
[BlackElo "1998"]
[PlyCount "123"]
[EventDate "2000.??.??"]

1. e4 d5 2. exd5 Qxd5 3. Nc3 Qd8 4. Nf3 Nc6 5. Bb5 Bd7 6. O-O Nf6 7. d3 e6 8.
Bxc6 Bxc6 9. Ne5 Be7 10. Nxc6 bxc6 11. Qf3 Qd7 12. Qg3 Nh5 13. Qg4 g6 14. Bh6
Bf8 15. Bxf8 Kxf8 16. a3 Rd8 17. Qb4+ Kg7 18. Qa5 Ra8 19. Ne4 Nf6 20. Qc3 Qe7
21. Qxc6 Nxe4 22. Qxe4 Rhd8 23. Qe3 Qd6 24. b3 Qb6 25. Rfe1 Qxe3 26. fxe3 Rd6
27. Rf1 Rc6 28. Rac1 Rd6 29. Rf4 Rd7 30. e4 Rad8 31. e5 Rd5 32. Rcf1 R5d7 33.
Ra4 c6 34. Rc4 Rc8 35. Rcf4 Rcc7 36. a4 Rb7 37. Kf2 Rbc7 38. Ke3 Rb7 39. Rc4 a6
40. Rxc6 a5 41. Ra6 Rbc7 42. c4 Rb7 43. Rb1 Ra7 44. Rxa7 Rxa7 45. b4 axb4 46.
Rxb4 Rd7 47. Rb1 Ra7 48. Ra1 Rd7 49. c5 Ra7 50. Kd4 Rc7 51. a5 Rc8 52. a6 Ra8
53. a7 Rc8 54. a8=Q Rxa8 55. Rxa8 Kh6 56. c6 Kg5 57. c7 Kh6 58. c8=Q Kg5 59.
Qd8+ Kh5 60. Qf6 Kh6 61. g3 Kh5 62. Qh4# {NJITchess checkmated} 1-0

[Event "ICS rated bullet match"]
[Site "204.178.125.65"]
[Date "2000.11.27"]
[Round "?"]
[White "NJITchess"]
[Black "Hossa"]
[Result "0-1"]
[WhiteElo "1997"]
[BlackElo "2613"]
[PlyCount "82"]
[EventDate "2000.??.??"]

1. d4 d5 2. Nf3 Nf6 3. g3 Bg4 4. Bg2 c6 5. O-O e6 6. Bg5 h6 7. Bxf6 gxf6 8.
Nbd2 Bd6 9. c4 e5 10. cxd5 cxd5 11. dxe5 fxe5 12. h3 Be6 13. Qa4+ Nc6 14. Rac1
O-O 15. a3 Qf6 16. b4 e4 17. Ne1 Qb2 18. Qc2 Qxa3 19. e3 Nxb4 20. Qb1 Qa2 21.
Qxa2 Nxa2 22. Ra1 Nc3 23. Rc1 Ne2+ 24. Kh1 Nxc1 25. Nc2 Nd3 26. Nd4 Bd7 27. Rd1
Nxf2+ 28. Kg1 Nxd1 29. Kf1 Nxe3+ 30. Kg1 Bxg3 31. Bf1 Kg7 32. Be2 Be5 33. Bg4
Bxd4 34. Bxd7 Nc4+ 35. Kh2 Nxd2 36. Bg4 f5 37. Bd1 Rg8 38. Ba4 Nf3+ 39. Kg2
Kh7+ 40. Kf1 Rg1+ 41. Ke2 Re1# {NJITchess checkmated} 0-1

[Event "ICS rated bullet match"]
[Site "204.178.125.65"]
[Date "2000.11.27"]
[Round "?"]
[White "Hossa"]
[Black "NJITchess"]
[Result "1-0"]
[WhiteElo "2614"]
[BlackElo "1996"]
[PlyCount "113"]
[EventDate "2000.??.??"]

1. e4 d5 2. exd5 Qxd5 3. Nc3 Qa5 4. d4 c6 5. Nf3 Qc7 6. Bd3 Nf6 7. Ne2 Bg4 8.
Ne5 Bc8 9. Bf4 Qd8 10. O-O e6 11. Qd2 Be7 12. c3 O-O 13. Nf3 Nbd7 14. Qc2 Re8
15. c4 Nf8 16. Ng5 Ng6 17. Bxg6 hxg6 18. Qd2 b6 19. Nc3 Bb7 20. Rfd1 Bd6 21.
Bxd6 Qxd6 22. Nge4 Nxe4 23. Nxe4 Qe7 24. Qf4 Rad8 25. c5 bxc5 26. Nxc5 Qf6 27.
Qxf6 gxf6 28. Nxb7 Rb8 29. Nd6 Red8 30. Nc4 Rd5 31. Ne3 Rdb5 32. b3 R5b7 33.
Rac1 Rd7 34. Rxc6 Kg7 35. d5 a5 36. Ra6 exd5 37. Rxa5 Rbd8 38. Raxd5 Rxd5 39.
Nxd5 Rxd5 40. Rxd5 Kf8 41. Rd7 Ke8 42. Rc7 Kf8 43. a4 Ke8 44. Rxf7 Kxf7 45. a5
Ke7 46. a6 Kd7 47. a7 Kd6 48. a8=Q Kc5 49. Qd8 Kb4 50. Qd6+ Kxb3 51. Qd4 Ka3
52. Qc3+ Ka2 53. Kf1 f5 54. Ke2 f4 55. Kd3 f3 56. Kc2 fxg2 57. Qb2# {
NJITchess checkmated} 1-0

[Event "ICS rated bullet match"]
[Site "204.178.125.65"]
[Date "2000.11.27"]
[Round "?"]
[White "NJITchess"]
[Black "Hossa"]
[Result "0-1"]
[WhiteElo "1995"]
[BlackElo "2615"]
[PlyCount "24"]
[EventDate "2000.??.??"]

1. e4 c5 2. d4 Nf6 3. e5 Ne4 4. f3 e6 5. g3 Qa5+ 6. Bd2 Nxd2 7. Qxd2 Qb6 8. b3
cxd4 9. Ne2 Nc6 10. c3 dxc3 11. Nbxc3 Nxe5 12. f4 Nf3+ {NJITchess resigns} 0-1

[Event "ICS rated bullet match"]
[Site "204.178.125.65"]
[Date "2000.11.27"]
[Round "?"]
[White "Hossa"]
[Black "NJITchess"]
[Result "1-0"]
[WhiteElo "2616"]
[BlackElo "1994"]
[PlyCount "75"]
[EventDate "2000.??.??"]

1. e4 d5 2. exd5 Qxd5 3. Nc3 Qd8 4. Nf3 Nf6 5. Bc4 e6 6. O-O Be7 7. d3 O-O 8.
Bg5 Nbd7 9. Qe2 Re8 10. Bf4 c6 11. Ne4 Nf8 12. Ne5 Ng6 13. Nxg6 hxg6 14. c3 Qb6
15. Nd6 Rd8 16. Nxc8 Raxc8 17. g3 Bd6 18. Bxe6 Bxf4 19. Bxc8 Rxc8 20. gxf4 Re8
21. Qc2 Qc7 22. Rae1 Rxe1 23. Rxe1 Qxf4 24. h3 Qg5+ 25. Kf1 Qh4 26. Kg2 Qg5+
27. Kh1 Qh4 28. Re3 Nh5 29. Rf3 Nf4 30. Qa4 g5 31. Qxa7 Nxh3 32. Qb8+ Kh7 33.
Qh2 g4 34. Rxf7 Qg5 35. Qg2 Qc1+ 36. Kh2 Qxb2 37. Qxg4 Nxf2 38. Qxg7# {
NJITchess checkmated} 1-0

[Event "ICS rated bullet match"]
[Site "204.178.125.65"]
[Date "2000.11.27"]
[Round "?"]
[White "NJITchess"]
[Black "Hossa"]
[Result "0-1"]
[WhiteElo "1993"]
[BlackElo "2617"]
[PlyCount "58"]
[EventDate "2000.??.??"]

1. d4 d5 2. Nf3 Nf6 3. c3 Bf5 4. e3 e6 5. Bd3 Bxd3 6. Qxd3 Nc6 7. O-O Bd6 8.
Qd1 O-O 9. Nbd2 Qe7 10. Re1 Ne4 11. Nxe4 dxe4 12. Nd2 Qh4 13. g3 Qh3 14. Qe2 f5
15. Qf1 Qh5 16. Qg2 Rf7 17. Nc4 b5 18. Nxd6 cxd6 19. f4 exf3 20. Qf2 g5 21. Rf1
g4 22. Bd2 Qh3 23. Rac1 a5 24. b3 a4 25. b4 Re8 26. a3 Rd8 27. Rfe1 f4 28. Qf1
fxg3 29. hxg3 f2+ {NJITchess resigns} 0-1

[Event "ICS rated bullet match"]
[Site "204.178.125.65"]
[Date "2000.11.27"]
[Round "?"]
[White "Hossa"]
[Black "NJITchess"]
[Result "1-0"]
[WhiteElo "2618"]
[BlackElo "1992"]
[PlyCount "137"]
[EventDate "2000.??.??"]

1. e4 d5 2. exd5 Qxd5 3. Nc3 Qa5 4. d4 c6 5. Nf3 Qc7 6. Bd3 Bg4 7. h3 Bxf3 8.
Qxf3 Nf6 9. Bf4 Qd8 10. Be3 e6 11. Qg3 g6 12. O-O Bg7 13. Qh4 O-O 14. Bg5 Nbd7
15. Ne4 a6 16. c3 b5 17. Rfe1 Rc8 18. Nd6 Ra8 19. Qg3 c5 20. dxc5 Nxc5 21. Rad1
Nxd3 22. Rxd3 Qb8 23. Bxf6 Bxf6 24. Qf4 Bg7 25. Red1 Qb6 26. Qg5 a5 27. Qxb5
Qxb5 28. Nxb5 Rab8 29. a4 Rfc8 30. Rd7 Rf8 31. Ra7 Rbd8 32. Rxd8 Rxd8 33. g3
Rd2 34. b3 Rb2 35. Rxa5 Rb1+ 36. Kg2 Rb2 37. Ra8+ Bf8 38. b4 Kg7 39. Rd8 h5 40.
Kf3 Be7 41. Rd7 Bf6 42. a5 Rb3 43. Rd3 Rb2 44. Nd6 Rb1 45. Ne8+ Kf8 46. Nxf6
Ra1 47. c4 Kg7 48. Ne8+ Kf8 49. Nd6 Kg7 50. Rb3 Kf6 51. h4 Kg7 52. Rc3 Kf8 53.
Rd3 Kg7 54. Ne8+ Kf8 55. Nf6 Ke7 56. Ne4 Kf8 57. Nc5 Kg7 58. Kg2 Kf8 59. Rd8+
Kg7 60. a6 Kf6 61. b5 Ke5 62. Nd3+ Kf6 63. c5 Kg7 64. b6 Kf6 65. b7 Kg7 66.
b8=Q Kf6 67. Re8 Kg7 68. Qe5+ Kh7 69. Rh8# {NJITchess checkmated} 1-0

[Event "ICS rated bullet match"]
[Site "204.178.125.65"]
[Date "2000.11.27"]
[Round "?"]
[White "NJITchess"]
[Black "Hossa"]
[Result "0-1"]
[WhiteElo "1991"]
[BlackElo "2619"]
[PlyCount "40"]
[EventDate "2000.??.??"]

1. e3 Nf6 2. d4 e6 3. Nc3 d5 4. Nce2 c5 5. Ng3 Nc6 6. c3 Bd6 7. Nf3 cxd4 8.
cxd4 Bd7 9. Be2 O-O 10. O-O Rc8 11. Bd2 Ne4 12. Rc1 Qb6 13. b3 Qd8 14. Bd3 f5
15. Qe2 Be8 16. Be1 Nxd4 17. exd4 Rxc1 18. Bxe4 fxe4 19. Nd2 Qf6 20. f3 Qxd4+ {
NJITchess resigns} 0-1

[Event "ICS rated bullet match"]
[Site "204.178.125.65"]
[Date "2000.11.27"]
[Round "?"]
[White "Hossa"]
[Black "NJITchess"]
[Result "1-0"]
[WhiteElo "2620"]
[BlackElo "1990"]
[PlyCount "51"]
[EventDate "2000.??.??"]

1. e4 e6 2. d4 d5 3. Nd2 dxe4 4. Nxe4 Nd7 5. Bb5 Ngf6 6. Nxf6+ Qxf6 7. Nf3 c6
8. Bg5 Qf5 9. Bd3 Qa5+ 10. c3 Be7 11. Bxe7 Kxe7 12. Nd2 g6 13. O-O Kf6 14. Qg4
Kg7 15. Rfe1 Qd8 16. Qf4 Qf6 17. Qc7 Qd8 18. Qg3 Qf6 19. Ne4 Qd8 20. Qf4 Nf6
21. Nd6 Nd5 22. Qxf7+ Kh6 23. Nxc8 Qxc8 24. Rxe6 Rf8 25. Rxg6+ Kh5 26. Qxh7# {
NJITchess checkmated} 1-0